Responses for Show #6880 - Friday, July 11, 2014

Contestants

[<< previous game]

Sandy Carroll, a retired teacher from Avoca, Iowa

Andrew Harris, a corporate intelligence analyst from New York, New York

Jen Fiero, a librarian from Jackson, Michigan (whose 1-day cash winnings total $17,600)

[next game >>]

Jeopardy! Round responses

7-11
LETTER AFTER P
ON THE BALL
A BOOKISH CATEGORY
BEAUTY & SKIN CARE PRODUCTS
PLANES OF YESTERYEAR
    $200 21
the Marines

Andrew
    $200 10
(Andrew: What is P.[*].?)
(Alex: No. [Looks at judges] We'll accept that? Okay.)

S

Andrew
    $200 5
polo

Jen
    $200 1
Tokyo

Jen
    $200 15
antiperspirant

Jen
    $200 18
(Andrew: What is a propeller plane?)

a biplane

JenAndrew
    $400 22
(Aaron) Burr

Andrew
    $400 11
G

Jen
    $400 6
the Harlem Globetrotters

Andrew
    $400 2
Labor Day

Andrew
    $400 16
powder

Triple Stumper
    $400 27
(Alex: We have less than a minute now.)

a drone

Andrew
    $600 23
Babe Ruth

Andrew
    $600 12
R

Andrew
    $600 7
bowling

Andrew
    $600 3
The Tipping Point

Triple Stumper
    $600 19
an (electric) shaver (a razor accepted)

Jen
    $600 28
the Blackbird

Sandy
    $800 24
Skylab

Jen
    $800 13
b

Jen
    $800 8
croquet

Andrew
    $1,000 4
(Andrew: Who is Stephen King?)

J.D. Salinger

Andrew
    $800 20
emollient

Triple Stumper
    $800 29
[The end-of-round signal sounds.]

Great Britain

Triple Stumper
    $1000 25
Robert the Bruce

Triple Stumper
    $1000 14
X

Sandy
    $1000 9
volleyball

Andrew
    $1000 17
Catch-22

Andrew
    $1000 26
oatmeal

Jen

Scores at the first commercial break (after clue 15):

Jen Andrew Sandy
$1,800 $3,000 $1,000

Scores at the end of the Jeopardy! Round:

Jen Andrew Sandy
$4,400 $5,400 $1,600

Double Jeopardy! Round responses

WORKS OF ART
COMMUNICATION
THE 2 H CLUB
DUSTIN HOFFMAN'S FILM ROLES
18th CENTURY SCIENTISTS
"L" ON EARTH
    $400 2
Picasso

Andrew
    $400 18
an eye roll

Andrew
    $400 1
mouthwash

Andrew
    $400 9
All the President's Men

Andrew
    $400 7
Benjamin Franklin

Jen
    $400 13
Lesotho

Jen
    $800 3
nudity

Triple Stumper
    $800 19
pointing

Andrew
    $800 25
hopscotch

Sandy
    $800 23
Rain Man

Sandy
    $800 8
mercury

Jen
    $800 14
Latvia & Lithuania

Andrew
    $1200 4
(Georges) Seurat

Andrew
    $1200 20
a mind meld

Jen
    $1200 26
horseradish

Sandy
    $1200 24
Wag the Dog

Triple Stumper
    $1200 10
Celsius

Andrew
    $1200 15
Lafayette

Andrew
    $2,500 5
mosaic

Andrew
    $1600 21
(Jen: What is a ham radio?)
(Sandy: What is broadband?)

shortwave radio

JenSandy
Triple Stumper
    $1600 27
aforethought

Sandy
    $1600 29
Mr. Magorium's Wonder Emporium

Jen
    $1600 11
carbon dioxide

Triple Stumper
    $4,000 16
Luxembourg

Andrew
    $2000 6
David Hockney

Triple Stumper
    $2000 22
signal

Jen
    $2000 28
hellhound

Triple Stumper
    $2000 30
Midnight Cowboy

Triple Stumper
    $2000 12
(Andrew: Who is Halley?)
(Sandy: Who is Newton?)

William Herschel

AndrewSandy
Triple Stumper
    $2000 17
Limoges

Sandy

Scores at the end of the Double Jeopardy! Round:

Jen Andrew Sandy
$9,200 $16,700 $4,400

[wagering suggestions for these scores]

Final Jeopardy! Round responses

AMERICAN LITERATURE
(Alex: And the reason it was on the bestseller lists in 2013 is because of a pretty big motion picture that was made of it.)
SandyWhat is The Great Gatsby?
$4,000
JenWhat is The Great Gatsby
$9,200
AndrewWhat is The Old Man + the Sea?
$1,700
The Great Gatsby

Final scores:

Jen Andrew Sandy
$18,400 $15,000 $8,400
2-day champion: $36,000 2nd place: $2,000 3rd place: $1,000

Game dynamics:

Coryat scores:

Jen Andrew Sandy
$9,200 $14,400 $4,400
15 R,
1 W
23 R
(including 2 DDs),
3 W
(including 1 DD)
7 R,
2 W

Combined Coryat: $28,000

[game clues] [game scores] [suggest correction]

Game tape date: 2014-03-18
The J! Archive is created by fans, for fans. Scraping, republication, monetization, and malicious use prohibited; this site may use cookies and collect identifying information. See terms. The Jeopardy! game show and all elements thereof, including but not limited to copyright and trademark thereto, are the property of Jeopardy Productions, Inc. and are protected under law. This website is not affiliated with, sponsored by, or operated by Jeopardy Productions, Inc. Join the discussion at JBoard.tv.